|
|
|
|
| LEADER |
00736cam a2200205 7i4500 |
| 001 |
0000037887 |
| 005 |
20181128090000.0 |
| 020 |
|
|
|a 9780817438203 (pbk.)
|
| 020 |
|
|
|a 0817438203 (pbk.)
|
| 090 |
0 |
0 |
|a TR819
|b .F73 2003
|
| 100 |
1 |
|
|a Frances, Sara A
|
| 245 |
1 |
0 |
|a Elegant black & white wedding photography
|c Sara A. Frances.
|
| 246 |
3 |
|
|a Elegant black and white wedding photography.
|
| 260 |
|
|
|a New York:
|b Amphoto Books,
|c 2003.
|
| 300 |
|
|
|a 176 p.:
|b ill.;
|c 27 cm.
|
| 650 |
0 |
0 |
|a Black-and-white photography
|
| 650 |
0 |
0 |
|a Wedding photography
|
| 997 |
|
|
|a Communication, Visual Art & Computing, Faculty
|b Visual Art, Department
|
| 998 |
|
|
|a Photographic Technology, Diploma
|
| 999 |
|
|
|a 0000047417
|b BOK
|c OPEN SHELF
|e 2nd Floor, Bestari Jaya
|